Statystyki dla Przesuwające się flagi państw

Kliknij tutaj aby rozwiązać quiz!

Ogólne statystyki

  • Ten quiz został rozwiązany 8 257 razy
  • Średni wynik to 8 z 12

Statystyki odpowiedzi

Odpowiedź% Poprawnych
Indie
99%
Andora
81%
Laos
77%
Honduras
72%
Kiribati
64%
Tadżykistan
64%
Lesotho
60%
Republika Środkowoafrykańska
56%
Erytrea
55%
Rwanda
54%
Gwinea Równikowa
44%
Saint Vincent i Grenadyny
43%

Rozkład punktacji

Percentyl według liczby udzielonych odpowiedzi

Procent ludzi z każdym wynikiem

Twoja historia wyników

Nie rozwiązałeś tego quizu